00653cam a22002291 4500001001300000003000400013005001700017008004100034010001700075035002000092040001800112042001200130050002000142100004600162245003000208260001100238300001800249500001600267500006700283700005600350999001700406sa 65000675 DLC20260227112104.0890816s1963 ii 000 0 maro  asa 65000675  a(OCoLC)20186455 aDLCcWaUdDLC apremarc00aPK2418.J665bC61 aJośī, Vāmana Malhāra,d1882-1943.10aCorāñcā bājāra. c[1963] a84 p.c19 cm. aIn Marathi. aA dramatization of Shivram Narhar Kolhatkar's Corāvara mora.1 aKolhatkar, Shivram Narhar,d1909-tCorāvara mora. c61655d61655